000 00549pam a2200205 i 4500
001 1302442
005 20171222092808.0
008 770203r1977 nyu 001 0 eng
010 _a 77001064
020 _a0070625832
040 _aDLC
_cDLC
_dDLC
041 _aeng
080 _a657.042024658 SWE
082 0 0 _a657.042024658 SWE
100 1 _a58
101 _aBUS
245 1 0 _aAccounting fundamentals for nonfinancial executives and managers /
_cAllen Sweeny.
906 _a7
_bcbc
_corignew
_d1
_eocip
_f19
_gy-gencatlg
942 _2ddc
_cBK
999 _c39359
_d39359